|
|
|
|
| LEADER |
00000nam0a2200000 4500 |
| 001 |
32527 |
| 005 |
20231030204919.0 |
| 035 |
|
|
|a (RuTPU)RU\TPU\book\32826
|
| 035 |
|
|
|a BOOK00000031
|
| 090 |
|
|
|a 32527
|
| 100 |
|
|
|a 20011210d1993 km y0rusy50 ca
|
| 101 |
0 |
|
|a rus
|
| 102 |
|
|
|a RU
|
| 105 |
|
|
|a y z 000zy
|
| 200 |
1 |
|
|a Электронный обмен коммерческими и финансовыми данными
|
| 210 |
|
|
|a Москва
|c Эко-Трендз
|c Электронные знания
|d 1993
|
| 215 |
|
|
|a 63 с.
|
| 225 |
1 |
|
|a Технологии электронных коммуникаций
|v Т. 15
|
| 610 |
1 |
|
|a электроника
|
| 610 |
1 |
|
|a коммерция
|
| 610 |
1 |
|
|a финансы
|
| 610 |
1 |
|
|a базы данных
|
| 610 |
1 |
|
|a электронный обмен
|
| 610 |
1 |
|
|a стандарты
|
| 610 |
1 |
|
|a технология
|
| 675 |
|
|
|a 621.38
|v 3
|
| 675 |
|
|
|a 681.324
|v 3
|
| 801 |
|
0 |
|a RU
|b 63413507
|c 20011210
|g PSBO
|
| 801 |
|
2 |
|a RU
|b 63413507
|c 20190618
|g RCR
|
| 942 |
|
|
|c BK
|